Dalitekklesia : A Church from Below (Record no. 23628)

MARC details
000 -LEADER
fixed length control field 01812cam a2200241 i 4500
020 ## - INTERNATIONAL STANDARD BOOK NUMBER
ISBN 9789388945875
082 ## - DEWEY DECIMAL CLASSIFICATION NUMBER
Classification number 230
Author Cutter PAT
100 1# - MAIN ENTRY--AUTHOR NAME
Author name Patta, Raj Bharath,
245 10 - TITLE STATEMENT
Title Dalitekklesia : A Church from Below
260 ## - PUBLICATION, DISTRIBUTION, ETC. (IMPRINT)
Place of publication 2020
Name of publisher ISPCK
Year of publication 2020
300 ## - PHYSICAL DESCRIPTION
Number of Pages xxxi, 160 pages ;
490 0# - SERIES STATEMENT
Series statement Reimagining church as event : perspectives from the margins
505 0# - FORMATTED CONTENTS NOTE
Formatted contents note Foreword - Colin Cowan -- Introduction - Praveen P.S. Perumalla -- Acknowledgements -- Prologue -- Part 1. The Locality of Dalitekklesia : Peta. chapter 1. Can we talk about caste in our church? -- chapter 2. The locality of Dalit Peta : mission discourses -- chapter 3. Listening to Ambedkar at our Peta : cast out caste -- chapter 4. Pain, pathos and Peta : A.P. Nirmal's Dalit theology -- Part II. The locus of Dalitekklesia : perspectives. chapter 5. Multiple identities of Dalit Christians : perspectives & possibilities -- chapter 6. When my grandma Annamma, Martin Luther & Pope Francis meet : a conversational reflection on reformation -- chapter 7. Dalits, Palestinians and tribal Adivasis in their quest for common struggle -- Part III. The localisation of Dalitekklesia : public witness. chapter 8. Remembering Ilavarasan, interrogating casteism : reimagining Christian public witness in India -- chapter 9. Fighting impunity : the saga of a victim of torture : reflection on Esther 1 -- chapter 10. When a thirsty Hagar speaks... : based on genesis 21:8-21 -- chapter 11. To Paul : a letter from Onesimus in response to Philemon 1 -- Afterword - N. Paul Divakar.
650 #0 - SUBJECT ADDED ENTRY--TOPICAL TERM
Topical Term Theology, Doctrinal
650 #0 - SUBJECT ADDED ENTRY--TOPICAL TERM
Topical Term Dalits
650 #0 - SUBJECT ADDED ENTRY--TOPICAL TERM
Topical Term Dalits
650 #0 - SUBJECT ADDED ENTRY--TOPICAL TERM
Topical Term Christian converts
650 #0 - SUBJECT ADDED ENTRY--TOPICAL TERM
Topical Term Caste
650 #0 - SUBJECT ADDED ENTRY--TOPICAL TERM
Topical Term Church work with people with social disabilities
650 #0 - SUBJECT ADDED ENTRY--TOPICAL TERM
Topical Term Marginality, Social
942 ## - ADDED ENTRY ELEMENTS (KOHA)
Koha item type Books
Holdings
Home library Current library Shelving location Date acquired Source of acquisition Cost, normal purchase price Full call number Accession Number Koha item type
Henry Martyn Institute Library Henry Martyn Institute Library General stacks 10/08/2025 Director 180.00 230 PAT 11004503 Books
                   Copyright © 2026 | Henry Martyn Institute | Hyderabad | TS-500052 | INDIA | Implemented by hmi.edu.in
Hit-Count:

Powered by Koha